| 000 | 00827nam a2200229Ii 4500 | ||
|---|---|---|---|
| 003 | JO-AjNU | ||
| 008 | 230605s9999||||xx |||||||||||||| ||und|| | ||
| 017 | _a2010/5/1456 | ||
| 020 | _a978-9957-525-29-3 | ||
| 040 |
_aJO-AjNU _bara _erda _cJO-AjNU |
||
| 041 | _aara | ||
| 050 | 1 | 4 | _aTH435. A2222 2011 |
| 100 | 3 |
_aعبدالهادي، عدلي محمد، م مشارك محمد عبدالله الدرايسة, _eauthor _951405 |
|
| 245 | 0 | 0 | _aحساب الكميات والمواصفات للتصميم الداخلي |
| 250 | _aط1 | ||
| 264 | 3 | 1 | _aعمان:مكتبة المجتمع العربي 2011 |
| 300 | _a279ص | ||
| 336 |
_atext _btxt _2rdacontent |
||
| 337 |
_aunmediated _bn _2rdamedia |
||
| 338 |
_avolume _bnc _2rdacarrier |
||
| 650 | 4 |
_aمحاسبة الكميات -التصميم الداخلي _951406 |
|
| 999 |
_aA22703 _c26271 _d26271 |
||